00462pab a2200133 454500008003600000100001800036245006800054362003300122650002400155773004600179909001000225999001700235952007600252180718b xxu||||| |||| 00| 0 eng d aAmber John S. aWho benefits from educational choice? some evidence from Europe a13(3), Summer 1994, p.454-76 aEducation -- Europe aJournal of Policy Analysis and Management a27792 c27792d27792 00104070aIIPAbIIPAd2018-07-19pAR27894r2018-07-19w2018-07-19yAR